Detalles MARC
| 000 -LEADER |
| fixed length control field |
01676nam a2200493 a 4500 |
| 005 - FECHA ULTIMA MODIFICACION |
| control field |
20240528121410.0 |
| 008 - CAMPO DE CONTROL (LIBRO) |
| fixed length control field |
101001s1991||||sp il. f |||| 001 0 spa d |
| 020 ## - INTERNATIONAL STANDARD BOOK NUMBER |
| ISBN |
843110404X |
| 041 ## - CODIGO DE IDIOMA |
| Código de idioma del texto/pista de sonido o título separado |
spa |
| 092 ## - SIGNATURA TOPOGRAFICA DEWEY LOCAL |
| número de clasificación |
611 |
| libristica |
75 |
| sección |
ROU |
| 100 1# - ENTRADA PRINCIPAL--NOMBRE PERSONAL |
| Nombre personal |
Rouviere, Henri |
| 9 (RLIN) |
74 |
| 245 ## - TITULO PROPIAMENTE DICHO |
| Título |
Anatomía Humana. Descriptiva, topográfica y funcional. |
| Subtítulo y Título paralelo |
T.2 Tronco / |
| Mención de responsabilidad y remanente de la transcripción de la portada |
H. Rouviere. |
| 250 ## - MENCION DE EDICION |
| Mención de edición |
9a ed. en español revisada y aumentada |
| Mención de responsabilidad relacionada con la ed. |
Traducción E. Acosta Vidrio |
| 260 ## - PIE DE IMPRENTA |
| Lugar de publicación, distribución, etc |
Barcelona: |
| Nombre de la editorial, distribuidor, etc |
Masson; |
| Fecha de publicación |
1991. |
| 300 ## - DESCRIPCION FISICA |
| Extension |
686 p. |
| 500 ## - NOTA GENERAL |
| Nota general |
Rouviere, H. y Delmas, A. (1991). Anatomía Humana. Descriptiva, topográfica y funcional. T.2 Tronco. (9a ed.). Barcelona : Masson. |
| 590 ## - NOTAS LOCALES (RLIN) |
| Nota local |
Donación, Mayo 2011 |
| 653 ## - TÉRMINO INDIZADO - PALABRAS CLAVES |
| Palabra clave |
Anatomía del tronco |
| 653 ## - TÉRMINO INDIZADO - PALABRAS CLAVES |
| Palabra clave |
Esqueleto del tronco |
| 653 ## - TÉRMINO INDIZADO - PALABRAS CLAVES |
| Palabra clave |
Articulaciones del tronco |
| 653 ## - TÉRMINO INDIZADO - PALABRAS CLAVES |
| Palabra clave |
Músculos del tronco |
| 653 ## - TÉRMINO INDIZADO - PALABRAS CLAVES |
| Palabra clave |
Músculos de la pared anterolateral del abdomen |
| 653 ## - TÉRMINO INDIZADO - PALABRAS CLAVES |
| Palabra clave |
Aponeurosis del abdomen |
| 653 ## - TÉRMINO INDIZADO - PALABRAS CLAVES |
| Palabra clave |
Anatomía del corazón |
| 653 ## - TÉRMINO INDIZADO - PALABRAS CLAVES |
| Palabra clave |
Arterias del tronco |
| 653 ## - TÉRMINO INDIZADO - PALABRAS CLAVES |
| Palabra clave |
Venas |
| 653 ## - TÉRMINO INDIZADO - PALABRAS CLAVES |
| Palabra clave |
Linfáticos del tronco |
| 653 ## - TÉRMINO INDIZADO - PALABRAS CLAVES |
| Palabra clave |
Nervios del tronco |
| 653 ## - TÉRMINO INDIZADO - PALABRAS CLAVES |
| Palabra clave |
Vísceras del tronco |
| 653 ## - TÉRMINO INDIZADO - PALABRAS CLAVES |
| Palabra clave |
Anatomía topográfica del tórax |
| 653 ## - TÉRMINO INDIZADO - PALABRAS CLAVES |
| Palabra clave |
Abdomen |
| 653 ## - TÉRMINO INDIZADO - PALABRAS CLAVES |
| Palabra clave |
Aparato digestivo y peritoneo |
| 653 ## - TÉRMINO INDIZADO - PALABRAS CLAVES |
| Palabra clave |
Anatomía topográfica del abdomen |
| 653 ## - TÉRMINO INDIZADO - PALABRAS CLAVES |
| Palabra clave |
Región lumbar y pelvis menor |
| 653 ## - TÉRMINO INDIZADO - PALABRAS CLAVES |
| Palabra clave |
Órganos lumbares |
| 653 ## - TÉRMINO INDIZADO - PALABRAS CLAVES |
| Palabra clave |
Aparato urinario |
| 653 ## - TÉRMINO INDIZADO - PALABRAS CLAVES |
| Palabra clave |
Aparato genital del hombre |
| 653 ## - TÉRMINO INDIZADO - PALABRAS CLAVES |
| Palabra clave |
Aparato genital de la mujer |
| 653 ## - TÉRMINO INDIZADO - PALABRAS CLAVES |
| Palabra clave |
Periné |
| 653 ## - TÉRMINO INDIZADO - PALABRAS CLAVES |
| Palabra clave |
Anatomía topográfica del periné |
| 700 1# - ENTRADAS SECUNDARIAS - NOMBRE PERSONAL |
| Nombre personal |
Delmas, André |
| 9 (RLIN) |
75 |
| 930 ## - NUMERO DE INVENTARIO |
| Número de inventario |
2306 |
| 942 ## - ADDED ENTRY ELEMENTS (KOHA) |
| Source of classification or shelving scheme |
Dewey Decimal Classification |
| Item type |
Libros |